Responses for show #3365 - Friday, April 2, 1999

Contestants

Dan Inloes, a high school English and math teacher from Huntington Woods, Michigan

Karen Baptiste, a project manager from Andover, Massachusetts

John Oleske, a law student from New York City, New York (whose 1-day cash winnings total $4,199)

Jeopardy! Round responses

THE NORMANS
HAIR CARE
TRUSTY SIDEKICKS
(Alex: You tell us whose sidekick they were.)
ANIMAL SONGS
HOLIDAY CLIP ART
ON THE "DOUBLE"
    $100 1
(J: What are cavaliers?)
(Alex: You gave us the English word.)

Chevaliers

John
Triple Stumper
    $100 17
Cowlick

Karen
    $100 12
Batman

Dan
    $100 6
"Three Blind Mice"

John
    $100 26
Christmas

Dan
    $100 7
Doublemint

Dan
    $200 2
Feudalism

John
    $200 18
1920s

Dan
    $200 13
Tarzan

Dan
    $200 22
The wolf

Karen
    $200 27
Columbus Day

John
    $200 8
"Double Nickel"

John
    $300 3
Hastings

John
    $300 19
Johnson's Baby Shampoo

Karen
    $300 14
Penn

Dan
    $300 23
Parrot

Triple Stumper
    $300 28
Thanksgiving

Dan
    $600 9
Double jeopardy

John
    $400 4
Galilee

John
    $400 20
Paul Mitchell

Karen
    $400 15
Sherlock Holmes

Dan
    $400 24
Hippopotamus

John
    $400 29
Easter

Dan
    $400 10
Body Double

Dan
    $500 5
Seine

Karen
    $500 21
Breck

Karen
    $500 16
Count Dracula

Dan
    $500 25
"Ben"

Dan
    $500 30
New Year's Eve

John
    $500 11
"Double Fantasy"

Triple Stumper

Scores at the first commercial break (after clue 14):

John Karen Dan
$1,700 $500 $1,100

Scores at the end of the Jeopardy! Round:

John Karen Dan
$2,800 $2,000 $3,500

Double Jeopardy! Round responses

NORMANS
ARCHITECTURE
REALLY TOUGH CAPITAL CITIES
THE SPORTING LIFE
BRUSH UP YOUR MARLOWE
THE BIRTH OF WORDS
    $200 8
Norman Schwarzkopf

Dan
    $200 13
Watergate

Karen
    $200 4
Chile

John
    $200 1
Michael Jordan

Karen
    $200 18
Doctor Faustus

Dan
    $200 21
Bourbon

John
    $400 9
Boomer Esiason

Karen
    $400 14
(J: What are the Hanoverians?)
(K: Who are the Tudors?)

Georgian

JohnKarenDan
    $400 3
Latvia

John
    $400 2
Nolan Ryan

John
    $400 19
Huguenots

John
    $400 22
Carnaval

Dan
    $600 16
Norman Fell

Dan
    $1,000 15
Alexandria, Egypt

Dan
    $600 5
Papua New Guinea

Dan
    $600 10
Slalom

John
    $600 28
Shepherd

Triple Stumper
    $600 23
Geyser

Karen
    $800 17
Norman Vincent Peale

Triple Stumper
    $800 27
Montreal

Karen
    $800 6
Bhutan

Triple Stumper
    $800 11
Tour de France

Dan
    $800 29
War

Triple Stumper
    $800 24
Robot

Dan
    $1000 20
(K: Who is Norman Lear?)

Norman Jewison

Karen
Triple Stumper
    $1000 26
(K: What is the Beaubo?)

Pompidou Centre/Beaubourg

Karen
Triple Stumper
    $1000 7
Yemen

Triple Stumper
    $1000 12
Boston Marathon

Karen
    $900 30
(K: [no response])

Hero and Leander

Karen
    $1000 25
Haggis

Karen

Scores at the end of the Double Jeopardy! Round:

John Karen Dan
$4,600 $2,900 $8,500

[wagering suggestions for these scores]

Final Jeopardy! Round responses

STATUES
(Alex: Auguste-Charlotte Bartholdi was the mother of the sculptor.)
KarenWhat is [Venus] the Statue of Libe
$2,900
JohnWhat is the Statue of Liberty?
$4,000
DanWhat is the Statue of Liberty?
$700
Statue of Liberty

Final scores:

John Karen Dan
$8,600 $0 $9,200
2nd place: Trip to Regal International East Asia Hotel, Shanghai, China 3rd place: Daewoo Entertainment Package New champion: $9,200

Game dynamics:

Coryat scores:

John Karen Dan
$4,300 $3,800 $8,100
15 R
(including 1 DD),
2 W
13 R,
4 W
(including 1 DD)
21 R
(including 1 DD),
0 W

Combined Coryat: $16,200

The J! Archive is created by fans, for fans. The Jeopardy! game show and all elements thereof, including but not limited to copyright and trademark thereto, are the property of Jeopardy Productions, Inc. and are protected under law. This website is not affiliated with, sponsored by, or operated by Jeopardy Productions, Inc. Join the discussion at JBoard.tv.